000 00972nam a22002777a 4500
999 _c29532
_d29503
003 EG-ScBUE
005 20210930150500.0
008 210928s2010 ua o f 000 0aara d
017 _a2010/2633
020 _a9772016103
040 _aEG-ScBUE
_bara
_erda
_cEG-ScBUE
_dEG-ScBUE
082 0 4 _a‪070.92
_bي و س
_222
100 1 _aاليوسف، فاطمة،
_eمؤلف.
245 1 0 _aذكريات /
_cبقلم فاطمة اليوسف.
264 1 _aالقاهرة :
_bالكتاب الذهبي مؤسسة روزاليوسف،
_c[2010]
300 _a246 صفحة :
_bصور ؛
_c25 سم
336 _2rdacontent
_aنص
_btxt
337 _2rdamedia
_aبدون وسيط
_bn
338 _2rdacarrier
_aمجلد
_bnc
541 _cDonation.
600 1 7 _a‪اليوسف، روز،
_d1897-1958.
_2BUEsh
650 7 _a‪الصحفيون المصريون
_vتراجم.
_2BUEsh
653 7 _aBUEsh
_bGGEN
_cSeptember2021
655 7 _2BUEsh
_vReading book
_934232
942 _2ddc